Sports Quiz

Random Sports or Football Quiz
Score 0/199 Timer 12:00
0 Plays Today
Played for Scored against % Correct
Werder BremenBayern Munich
96.3%
Werder BremenBayern Munich
96.3%
Werder BremenBayern Munich
96.3%
Werder BremenBorussia Dortmund
91.9%
Bayern MunichBorussia Dortmund
91.9%
Bayern MunichBorussia Dortmund
91.9%
Bayern MunichBorussia Dortmund
91.9%
Werder BremenBorussia Dortmund
91.9%
Bayern MunichBorussia Dortmund
91.9%
Werder BremenBorussia Dortmund
91.9%
Werder BremenBorussia Dortmund
91.9%
Bayern MunichHamburger SV
88.8%
Bayern MunichHamburger SV
88.8%
Bayern MunichFC Schalke 04
88.8%
Werder BremenHamburger SV
88.8%
Werder BremenHamburger SV
88.8%
Bayern MunichFC Schalke 04
88.8%
Werder BremenFC Schalke 04
88.8%
Bayern MunichHamburger SV
88.8%
Werder BremenFC Schalke 04
88.8%
Bayern MunichHamburger SV
88.8%
Bayern MunichHamburger SV
88.8%
Bayern MunichHamburger SV
88.8%
Werder BremenHamburger SV
88.8%
Werder BremenHamburger SV
88.8%
Bayern MunichFC Schalke 04
88.8%
Bayern MunichHamburger SV
88.8%
Werder BremenFC Schalke 04
88.8%
PeruArgentina
87.5%
Werder BremenBayer Leverkusen
86.9%
Werder BremenBayer Leverkusen
86.9%
Bayern MunichBayer Leverkusen
86.9%
Werder BremenBayer Leverkusen
86.9%
Bayern MunichBayer Leverkusen
86.9%
Werder BremenBayer Leverkusen
86.9%
Werder BremenBayer Leverkusen
86.9%
Werder BremenBayer Leverkusen
86.9%
Werder BremenBayer Leverkusen
86.9%
Bayern MunichAC Milan
86.3%
Werder BremenAC Milan
86.3%
Bayern MunichVfB Stuttgart
85.6%
Bayern MunichVfB Stuttgart
85.6%
Werder BremenVfB Stuttgart
85.6%
Bayern MunichVfB Stuttgart
85.6%
Bayern MunichHertha BSC
85.6%
Werder BremenVfB Stuttgart
85.6%
Bayern MunichHertha BSC
85.6%
Bayern MunichVfB Stuttgart
85.6%
Werder BremenHertha BSC
85.6%
Werder BremenVfB Stuttgart
85.6%
Werder BremenHertha BSC
85.6%
Werder BremenHertha BSC
85.6%
Bayern MunichHertha BSC
85.6%
Werder BremenHertha BSC
85.6%
Bayern MunichVfB Stuttgart
85.6%
Werder BremenHertha BSC
85.6%
Werder BremenVfB Stuttgart
85.6%
Werder BremenInter
85%
Bayern MunichInter
85%
Werder BremenInter
85%
Bayern MunichVfL Wolfsburg
84.4%
Bayern MunichVfL Wolfsburg
84.4%
Werder BremenVfL Wolfsburg
84.4%
Werder BremenVfL Wolfsburg
84.4%
Werder BremenVfL Wolfsburg
84.4%
Werder BremenVfL Wolfsburg
84.4%
Bayern MunichVfL Wolfsburg
84.4%
Played for Scored against % Correct
Werder BremenVfL Wolfsburg
84.4%
Werder BremenVfL Wolfsburg
84.4%
PeruChile
83.8%
PeruChile
83.8%
PeruChile
83.8%
PeruChile
83.8%
PeruUruguay
82.5%
Bayern MunichFC Koln
81.9%
Bayern MunichJuventus F.C.
81.9%
Bayern MunichFC Koln
81.9%
Werder BremenFC Koln
81.9%
Werder BremenFC Koln
81.9%
Bayern MunichWerder Bremen
80%
Bayern MunichWerder Bremen II
80%
Bayern MunichWerder Bremen
80%
Bayern MunichWerder Bremen
80%
Bayern MunichWerder Bremen
80%
Bayern MunichEintracht Frankfurt
79.4%
Werder BremenEintracht Frankfurt
79.4%
Werder BremenEintracht Frankfurt
79.4%
Bayern MunichEintracht Frankfurt
79.4%
Bayern MunichEintracht Frankfurt
79.4%
Werder BremenEintracht Frankfurt
79.4%
Werder BremenBorussia Monchengladbach
76.3%
Werder BremenBorussia Monchengladbach
76.3%
Werder BremenBorussia Monchengladbach
76.3%
Werder BremenBorussia Monchengladbach
76.3%
Werder BremenBorussia Monchengladbach
76.3%
Werder BremenOlympique Lyonnais
75.6%
Bayern MunichHannover 96
75%
Werder BremenHannover 96
75%
Bayern MunichHannover 96
75%
Werder BremenHannover 96
75%
Werder BremenHannover 96
75%
Bayern MunichHannover 96
75%
Bayern MunichHannover 96
75%
Bayern MunichHannover 96
75%
Werder BremenHannover 96
75%
PeruBolivia
75%
PeruBolivia
75%
PeruBolivia
75%
PeruEcuador
74.4%
PeruEcuador
74.4%
PeruEcuador
74.4%
PeruVenezuela
73.8%
PeruVenezuela
73.8%
Bayern MunichArsenal FC
72.5%
Bayern MunichReal Madrid
70%
Bayern MunichChelsea FC
70%
PeruColombia
70%
Werder BremenFC Kaiserslautern
69.4%
Bayern MunichFC Kaiserslautern
69.4%
Bayern MunichFC Kaiserslautern
69.4%
Bayern MunichFC Kaiserslautern
69.4%
Bayern MunichFC Kaiserslautern
69.4%
Bayern MunichFSV Mainz 05
68.8%
Bayern MunichFSV Mainz 05
68.8%
Bayern MunichFSV Mainz 05
68.8%
Werder BremenTSG 1899 Hoffenheim
68.8%
Bayern MunichFSV Mainz 05
68.8%
Werder BremenFSV Mainz 05
68.8%
Werder BremenTSG 1899 Hoffenheim
68.8%
Werder BremenTSG 1899 Hoffenheim
68.8%
Werder BremenFSV Mainz 05
68.8%
Werder BremenFSV Mainz 05
68.8%
Bayern MunichTSG 1899 Hoffenheim
68.8%
Werder BremenFSV Mainz 05
68.8%
Played for Scored against % Correct
Bayern MunichFC Nurnberg
65.6%
Werder BremenFC Augsburg
65.6%
Werder BremenFC Augsburg
65.6%
Werder BremenFC Augsburg
65.6%
Bayern MunichFC Nurnberg
65%
Werder BremenFC Nurnberg
65%
Werder BremenValencia CF
63.1%
Bayern MunichLille OSC
63.1%
Werder BremenSC Freiburg
61.3%
Bayern MunichSC Freiburg
61.3%
Werder BremenSC Freiburg
61.3%
Werder BremenSC Freiburg
61.3%
Werder BremenSC Freiburg
61.3%
Bayern MunichSC Freiburg
61.3%
Werder BremenSC Freiburg
61.3%
Bayern MunichSC Freiburg
61.3%
PeruMexico
53.1%
Bayern MunichVfL Bochum
52.5%
Bayern MunichVfL Bochum
52.5%
Bayern MunichVfL Bochum
52.5%
Werder BremenVfL Bochum
52.5%
Werder BremenVfL Bochum
52.5%
Werder BremenGirondins de Bordeaux
51.9%
Bayern MunichFC Spartak Moscow
51.3%
Bayern MunichFC Spartak Moscow
51.3%
Werder BremenFC St. Pauli
48.1%
Bayern MunichFC St. Pauli
48.1%
Bayern MunichArminia Bielefeld
46.9%
Bayern MunichArminia Bielefeld
46.9%
Werder BremenK.R.C. Genk
44.4%
Bayern MunichMSV Duisburg
43.8%
Werder BremenMSV Duisburg
43.8%
Werder BremenFC Twente
43.1%
Werder BremenFC Energie Cottbus
41.9%
Bayern MunichFC Energie Cottbus
41.9%
Werder BremenFK Austria Wien
41.9%
Werder BremenTSV 1860 Munich
41.3%
Bayern MunichTSV 1860 Munich
41.3%
Bayern MunichTSV 1860 Munich
41.3%
Werder BremenSV Darmstadt 98
40.6%
Bayern MunichFC Nantes
40%
Bayern MunichEintracht Braunschweig
38.1%
Werder BremenU.C. Sampdoria
36.9%
Bayern MunichMaccabi Tel Aviv
36.3%
Werder BremenHansa Rostock
35%
Bayern MunichHansa Rostock
35%
Werder BremenHansa Rostock
35%
Bayern MunichClub Brugge KV
34.4%
Werder BremenUdinese Calcio
33.8%
Bayern MunichAlemannia Aachen
33.1%
Bayern MunichPartizan Belgrade
30%
Werder BremenAthletic Bilbao
26.9%
ChelseaBirmingham City
22.5%
Werder BremenAS Saint-Etienne
21.9%
Werder BremenSSV Ulm 1846
21.3%
Werder BremenC.D. Nacional
12.5%
Werder BremenFC Erzgebirge Aue
11.9%
Bayern MunichSC Preussen Munster
11.3%
Werder BremenFC Aktobe
10.6%
Bayern MunichVfL Osnabruck
10.6%
PeruTrinidad and Tobago
9.4%
Werder BremenRot Weiss Ahlen
8.8%
PeruTunisia
8.8%
Werder BremenFK Bodo/Glimt
7.5%
Bayern MunichSSV Jahn Regensburg
3.1%
Remove Ads.
Support Sporcle.
Get the best of Sporcle when you Go Orange. This ad-free experience offers more features, more stats, and more fun while also helping to support Sporcle. Thank you for becoming a member.

You're not logged in!

Compare scores with friends on all Sporcle quizzes.
OR
Log In

Show Comments

Extras

Top Quizzes Today


Score Distribution

Your Account Isn't Verified!

In order to create a playlist on Sporcle, you need to verify the email address you used during registration. Go to your Sporcle Settings to finish the process.

Report this User

Report this user for behavior that violates our Community Guidelines.

Details: